MARC details
| 000 -CABECERA |
| campo de control de longitud fija |
01267nam a22003614i 4500 |
| 001 - NÚMERO DE CONTROL |
| campo de control |
991061426358206706 |
| 003 - IDENTIFICADOR DEL NÚMERO DE CONTROL |
| campo de control |
ES-BaIT |
| 005 - FECHA Y HORA DE LA ÚLTIMA TRANSACCIÓN |
| campo de control |
20250721093853.0 |
| 008 - DATOS DE LONGITUD FIJA--INFORMACIÓN GENERAL |
| campo de control de longitud fija |
250625e202504 sp 000 0 spa c |
| 017 ## - NÚMERO DE COPYRIGHT O DE DEPÓSITO LEGAL |
| Número de copyright o de depósito legal |
DL SG 22-2025 |
| Agencia que asigna |
Oficina DL Segovia |
| 020 ## - NÚMERO INTERNACIONAL ESTÁNDAR DEL LIBRO |
| Número Internacional Estándar del Libro |
9788418782626 |
| 040 ## - FUENTE DE LA CATALOGACIÓN |
| Centro catalogador/agencia de origen |
ES-BaIT |
| Lengua de catalogación |
cat |
| Normas de descripción |
rda |
| Centro/agencia transcriptor |
ES-BaIT |
| 041 1# - CÓDIGO DE LENGUA |
| Código de lengua del texto/banda sonora o título independiente |
spa |
| Código de lengua original |
ita |
| 080 ## - NÚMERO DE LA CLASIFICACIÓN DECIMAL UNIVERSAL |
| Número de la Clasificación Decimal Universal |
808.1:82-2 |
| 080 ## - NÚMERO DE LA CLASIFICACIÓN DECIMAL UNIVERSAL |
| Número de la Clasificación Decimal Universal |
82-2:808.1 |
| 080 ## - NÚMERO DE LA CLASIFICACIÓN DECIMAL UNIVERSAL |
| Número de la Clasificación Decimal Universal |
850-9"19" |
| 100 1# - ENTRADA PRINCIPAL--NOMBRE DE PERSONA |
| Nombre de persona |
Pirandello, Luigi, |
| Fechas asociadas al nombre |
1867-1936 |
| Término indicativo de función/relación |
autor |
| 9 (RLIN) |
39241 |
| 240 10 - TÍTULO UNIFORME |
| Título uniforme |
Taccuino segreto. |
| Lenguaje de la obra |
Castellà |
| 245 10 - MENCIÓN DE TÍTULO |
| Título |
Cuaderno secreto / |
| Mención de responsabilidad, etc. |
Luigi Pirandello ; traducción y notas de María J. Ortega Máñez |
| 250 ## - MENCIÓN DE EDICIÓN |
| Mención de edición |
Primera edición |
| 264 #1 - PRODUCCIÓN, PUBLICACIÓN, DISTRIBUCIÓN, FABRICACIÓN Y COPYRIGHT |
| Producción, publicación, distribución, fabricación y copyright |
Segovia : |
| Nombre del de productor, editor, distribuidor, fabricante |
Ediciones La Uña Rota, |
| Fecha de producción, publicación, distribución, fabricación o copyright |
abril de 2025 |
| 300 ## - DESCRIPCIÓN FÍSICA |
| Extensión |
150 pàgines ; |
| Dimensiones |
18 cm |
| 336 ## - TIPO DE CONTENIDO |
| Término de tipo de contenido |
text |
| Código de tipo de contenido |
txt |
| Fuente |
rdacontent |
| 337 ## - TIPO DE MEDIO |
| Nombre/término del tipo de medio |
sense mediació |
| Código del tipo de medio |
n |
| Fuente |
rdamedia |
| 338 ## - TIPO DE SOPORTE |
| Nombre/término del tipo de soporte |
volum |
| Código del tipo de soporte |
nc |
| Fuente |
rdacarrier |
| 490 1# - MENCIÓN DE SERIE |
| Mención de serie |
Colección Libros del apuntador |
| 600 10 - PUNTO DE ACCESO ADICIONAL DE MATERIA--NOMBRE DE PERSONA |
| Nombre de persona |
Pirandello, Luigi, |
| Fechas asociadas al nombre |
1867-1936 |
| Subdivisión de forma |
Quaderns d'apunts, d'esbossos, etc. |
| Fuente del encabezamiento o término |
lemac |
| 9 (RLIN) |
166745 |
| 650 #7 - PUNTO DE ACCESO ADICIONAL DE MATERIA--TÉRMINO DE MATERIA |
| Término de materia o nombre geográfico como elemento de entrada |
Teatre (Gènere literari) |
| Subdivisión general |
Art d'escriure. |
| Fuente del encabezamiento o término |
lemac |
| 700 1# - ENTRADA AGREGADA--NOMBRE PERSONAL |
| Nombre de persona |
Ortega Máñez, María José |
| Término indicativo de función/relación |
traductor, |
| -- |
editor literari |
| 9 (RLIN) |
166746 |
| 830 ## - PUNTO DE ACCESO ADICIONAL DE SERIE-TÍTULO UNIFORME |
| Título uniforme |
Libros del apuntador |
| 9 (RLIN) |
97655 |
| 940 ## - EQUIVALENCIA O REFERENCIA-CRUZADA--TÍTULO UNIFORME [OBSOLETO] [solamente CAN/MARC] |
| Título uniforme |
<a href="CVA7">CVA7</a> |
| 942 ## - ELEMENTOS DE ENTRADA AGREGADA (KOHA) |
| Fuente del sistema de clasificación o colocación |
Clasificación decimal universal |
| Tipo de ítem Koha |
Llibre |